Culture G commençant par C - Statistiques

Statistiques générales
  • Ce quiz a été pris 243 fois
  • Le résultat moyen est 12 sur 30
Statistiques - réponses
Questions Réponses % Correct
Il pique les yeux dans l'eau Chlore
86%
Peur d'être enfermé dans un endroit clos Claustrophobie
86%
Elles enflent lorsqu'on est prétentieux Chevilles
82%
Harry Potter en a une en forme d'éclair Cicatrice
82%
Roi des francs lors de la Bataille de Soissons en 486 Clovis
80%
Club anglais ayant remporté la Champions League en 2012 et 2021 Chelsea
73%
Sport fédérant la WWE , RAW et la ROH par exemple Catch
63%
Pays abritant le temple d'Angkor Wat Cambodge
62%
Spécialité de la ville de Menton Citron
54%
Arthur Pic et Arthur Leclerc ont chacun un frère, comment s'appelle t-il ? Charles
52%
Nom d'un acteur jouant dans Brice de Nice avec le prénom juste au dessus Cornillac
52%
Les grimpeurs du tour de France veulent tous être en haut de se sommet Col
50%
Valet, Menu, Mappemonde Carte
48%
Ville du Vaucluse ayant soit le melon soit la fraise en spécialité Cavaillon / Carpentras
47%
Courgette, coloquinte, potiron, potimarron, pâtisson, citrouille et courge Cucurbitacée
45%
Perroquet très présent en Australie Cacatoès
37%
Instrument indispensable d'une batterie Cymbale
33%
Accumulation et répétitions de bruits désagréable Cacophonie
32%
Région naturelle du sud de la France Camargue
30%
Méthode de récupération par le froid Cryothérapie
30%
Déesse amoureuse d'Ulysse dans la mythologie grecque Calypso
21%
Capitale de Sainte Lucie Castries
20%
Loi fondamentale qui fixe l'organisation et le fonctionnement d'un organisme Constitution
17%
Prénom d'une fleur dont la fête est le 5 Octobre Capucine
16%
Vêtement pour femme pouvant mettre en valeur le haut Chemisier
16%
Boisson nationale du Brésil fait a ba se de sucre de canne Cachaça
9%
Os du poignet Capitatum
5%
Méthode Croc : - - - - - - -, Raison, Objectif, Conclusion Contact
5%
Volcan de L'Équateur culminant a plus de 6000 m Chimborazo
2%
109 fédérations sportives nationales et 180 000 associations (SIGLE) CNOSF
1%
Aucun quiz correspondant
Distribution des résultats
% des personnes avec chaque résultat
Percentile par nombre de réponses
Votre historique - résultats
Vous n’avez pas pris ce quiz